00423 a2200157 4500001000700000020001800007040002200025041002900047082002200076100003100098245007700129250000900206260002900215300000800244362001300252136613 a9788522454044 cLeonardo Da Vinci aPortuguêsaPortuguês a343.04 F12dbF12d aFABRETTI, Láudio Camargo aDireito tributário aplicadobimpostos e contribuições das empresas a2.ed bAtlasc2009aSão Paulo a314 a20090000